| 000 | 00446nam a2200181 a 4500 | ||
|---|---|---|---|
| 001 | 962 | ||
| 003 | CDMR | ||
| 005 | 20131022153541.0 | ||
| 008 | 130130s1960||||||||||||||||||||||||||||d | ||
| 040 |
_aCDMR _bcat _cCDMR |
||
| 100 | 1 |
_9749 _aD'Alessandro, Angelo |
|
| 245 | 1 | 3 | _aEl guión de televisión |
| 260 |
_aMadrid _c1960 _bRialp |
||
| 300 | _a247 p. | ||
| 490 | 0 |
_aLibros de cine RIALP _v22 |
|
| 650 | 0 | 4 |
_93143 _aGuions televisius |
| 942 |
_cMON _2ddc |
||
| 999 |
_c962 _d962 |
||